Shake That - Eminem Feat. Nate Dogg - All Lyrics - Statistics

General Stats
  • This quiz has been taken 35 times
  • The average score is 523 of 760
Answer Stats
Answer % Correct
a
100%
as
97%
D
97%
that
97%
ass
93%
ass,
93%
I
93%
the
93%
The
93%
ah,
90%
an
90%
Haha,
90%
me
90%
me:
90%
me,
90%
Me
90%
me!
90%
on
90%
on,
90%
and
87%
And
87%
go,
87%
(Go
87%
He
87%
he
87%
I'm
87%
I'ma
87%
she
87%
yo'
87%
be
83%
do
83%
fuck
83%
it
83%
it,
83%
it;
83%
shake
83%
Shake
83%
There
83%
yeah
83%
girl
80%
in
80%
or
80%
shakin'
80%
to
80%
up,
80%
up
80%
up)
80%
We
80%
we
80%
when
80%
with
80%
you
80%
you,
80%
flo'
77%
Get
77%
get
77%
like
77%
mo'
77%
so
77%
bit
73%
bitch
73%
bitch!
73%
control
73%
fo'
73%
for
73%
grindin'
73%
Look
73%
losin'
73%
my
73%
no
73%
think
73%
your
73%
but
70%
But
70%
can
70%
can,
70%
E's
70%
fucked
70%
how
70%
of
70%
party
70%
she's
70%
shit
70%
at
67%
have
67%
her
67%
Let
67%
let
67%
Nate
67%
one,
67%
one
67%
pole
67%
was
67%
way
67%
would
67%
Bumpin'
63%
butt)
63%
butt
63%
come
63%
Don't
63%
don't
63%
from
63%
It's
63%
Let's
63%
music
63%
some
63%
Some
63%
started
63%
this
63%
three
63%
Three
63%
Two
63%
two
63%
about
60%
'bout
60%
by
60%
club
60%
dick
60%
'em
60%
just
60%
lookin'
60%
Lookin'
60%
mad
60%
mine?
60%
mine
60%
much
60%
said
60%
(Turn
60%
want
60%
weed,
60%
all
57%
bad
57%
beat
57%
D-O-double-G
57%
Dogg
57%
Dogg!
57%
finna,
57%
finna
57%
gon'
57%
good
57%
Heard
57%
him
57%
hope
57%
night
57%
(Now)
57%
now
57%
Now,
57%
pussy
57%
say,
57%
say
57%
seat
57%
slut,
57%
truck
57%
behind
53%
drunk,
53%
five
53%
four
53%
freak
53%
little
53%
pass
53%
real
53%
sexy
53%
Sexy
53%
Smoke
53%
than
53%
toilet
53%
Wanna
53%
wants
53%
wasted,
53%
won't
53%
wouldn't
53%
believe
50%
boy
50%
crunk
50%
double
50%
friend
50%
girls,
50%
girls
50%
got
50%
'head
50%
his
50%
hit
50%
last
50%
minutes
50%
mouth
50%
strip
50%
tell
50%
told
50%
will
50%
ain't
47%
big
47%
'cause
47%
couple
47%
D's
47%
easy,
47%
follow
47%
had
47%
If
47%
menace,
47%
met
47%
mind
47%
off
47%
Open
47%
rubbed,
47%
they
47%
tree
47%
been
43%
bitches
43%
buzzed,
43%
close
43%
dentist,
43%
every
43%
feet
43%
forget
43%
Hennessy
43%
Hummer
43%
hygienist
43%
I've
43%
leave
43%
left
43%
oral
43%
Pop
43%
rock
43%
them
43%
Them
43%
wall
43%
whatever
43%
Apple
40%
are
40%
Bottom
40%
Conversation
40%
day,
40%
drink,
40%
fine
40%
givin'
40%
here
40%
jeans
40%
lady
40%
motherfuckin'
40%
mountaintop
40%
new
40%
ol'
40%
pick
40%
seen
40%
shit-faceted
40%
shoe
40%
sucked,
40%
baby?
37%
body
37%
champagne
37%
continue
37%
drop
37%
front
37%
Knows
37%
lie
37%
made
37%
panties
37%
retarded
37%
strut
37%
swallow
37%
Take
37%
Tonight,
37%
bathroom
33%
finish,
33%
freaky
33%
goin'
33%
home
33%
lights
33%
spit
33%
strobe
33%
bust
30%
clean,
30%
Comin'
30%
lips,
30%
right
30%
sing
30%
throw
30%
'til
30%
vibrated
30%
act
27%
dehydrated
27%
leavin'
27%
licked
27%
routine
27%
Step
27%
weapon,
27%
Wipe
27%
hips
23%
motherfuckers
23%
ones,
23%
plastered–
23%
rin-inse
23%
sink,
23%
sit
23%
Swish,
23%
talk,
23%
few
20%
revived
20%
Still
20%
without
20%
chunks
17%
crib
17%
fluoride
17%
God
17%
gyrated
17%
Pasted,
17%
poppin',
17%
puke,
17%
soon
17%
bubbly,
13%
shoestrings
10%
showin'
10%
Slip
10%
No matching quizzes found
Score Distribution
Percent of People with Each Score
Percentile by Number Answered
Your Score History
You have not taken this quiz